000 00545nam a2200145Ia 4500
008 200903s9999 xx 000 0 und d
020 _a978-1-138-55146-6
100 _aNorton, Lin
245 _cLin Norton.--
_aAction research in action and learning :
_bA practical guide to conducting pedagogical research in universities /
250 _a2nd ed.
260 _aOxon :
_bRoutledge
_c2019
300 _axiii , 302 pages :
_billustration ;
_c23 cm.
650 _aAction research in education
650 _aEducation, Higher -- research -- methodology
999 _c364039
_d364039